| 000 | 00475nam a2200157Ia 4500 | ||
|---|---|---|---|
| 999 |
_c11013 _d11013 |
||
| 082 | _aTS.0867 | ||
| 100 | _aSood, Neelam | ||
| 245 | 0 | _aBehavioural problems among children aged 6-11 years : A psychological study | |
| 260 |
_c1993 _bBarkatullah University |
||
| 300 | _a233p. | ||
| 650 | _aBEHAVIOURAL ASSESSMENT OF CHILDREN - DELHI | ||
| 650 | _aBEHAVIOUR, CHILD//CHILD PSYCHOLOGY | ||
| 650 | _aCHILD PSYCHOLOGY - DELHI | ||
| 710 | _aMisra, Girishwar | ||
| 942 |
_cTH _2ddc |
||